000 00591nam a2200181Ia 4500
008 220216s9999 xx 000 0 und d
100 _aMondal G.C.
245 0 _aPurple root disease of Hevea brasiliensis seedlings in nursery: A report from Assam and Meghalaya
260 _bPlacrosym XVI, 2004, Kasaragod, India. Journal of Plantation Crops, 32(Supplement): 391-394
_c2004
650 _aAssam
650 _aDisease control
650 _aHelicobasidium compactum
650 _aMeghalaya
650 _aPurple root
650 _aSeedling nursery
700 _aDeka H.K.
942 _cBS
999 _c52698
_d52698